[Event "Rohde op 07th"]
[Site "Sautron"]
[Date "2007.11.02"]
[Round "8"]
[White "Babaev, Rashad"]
[Black "Maze, Sebastien"]
[Result "1/2-1/2"]
[WhiteElo "2465"]
[BlackElo "2576"]
[Annotator "RR"]
[PlyCount "90"]
[EventDate "2007.10.27"]
[EventType "swiss"]
[EventRounds "9"]
[EventCountry "FRA"]
[SourceTitle "EXT 2008"]
[Source "ChessBase"]
[SourceDate "2007.11.25"]
[SourceVersion "1"]
[SourceVersionDate "2007.11.25"]
[SourceQuality "1"]

1. e4 c5 2. Nf3 Nc6 3. Bb5 e6 {[%cal Gg8e7]} (3... g6 {La grande ligne contre
la Rossolimo}) (3... d6) 4. O-O Nge7 {Un coup naturel pour garder intacte la
structure de P mais c'est un peu lent} 5. c3 (5. Re1) 5... a6 6. Ba4 (6. Be2 $5
) 6... b5 7. Bc2 d5 8. e5 $1 d4 $1 9. Qe2 {Une ligne secondaire} ({RR} 9. Be4 {
la ligne principale} Rb8 ({RR} 9... Bb7 10. d3 Ng6 11. Re1 Be7 12. cxd4 cxd4
13. Nbd2 O-O 14. Nb3 Rb8 15. Bd2 b4 16. Rc1 Qb6 17. h4) ({RR} 9... d3 10. b3
Ra7 11. Re1 Rd7 12. c4 b4 13. Re3 g6 14. Qf1 Bg7 15. Bb2) 10. d3 h6 11. Nbd2
Bb7 12. Nb3 Ng6 13. cxd4 cxd4 14. Bxc6+ Bxc6 15. Nbxd4 Bb7 16. Be3 Be7) 9...
Nd5 $5 10. Be4 Bb7 11. d3 Be7 12. cxd4 ({RR} 12. c4 Nb6 ({RR} 12... bxc4 13.
dxc4 Nb6 14. Ne1 Qc7 15. b3 Nd7 16. f4 O-O-O 17. Nd3 Rdg8 18. Nd2) 13. Bf4 b4
14. Nbd2 Kd7 15. Nb3 a5 ({RR} 15... h6) 16. a3 a4 17. axb4 axb3 18. b5 Qc7 ({RR
} 18... Na5 19. Bd2 Naxc4 ({RR} 19... Bxe4 20. Qxe4) 20. Bxb7 Rxa1 21. Rxa1
Nxd2 22. Nxd2 Qc7 23. Bc6+) 19. bxc6+ Bxc6 20. Nd2 Na4 ({RR} 20... Bxe4 21.
Qxe4 Ra2 22. Nxb3 Rxb2 23. Nxd4 cxd4 24. Qxd4+) 21. Nxb3 Rhb8 ({RR} 21... Bxe4
22. Qxe4 Rhb8 23. Nd2) 22. Bxc6+ Qxc6 23. Qc2 Nb6 24. Rxa8 Rxa8 25. Ra1 g5 ({RR
} 25... Rxa1+ 26. Nxa1 Qa8 27. Nb3 Qa4 28. Kf1 Kc7 29. Ke2 g5 30. Bg3) 26. Rxa8
Qxa8 {Burnett,R (2437)-Nguyen Anh Dung (2496)/Budapest 2000/CBM 076/[Avrukh,B]/
1-0 (52)}) 12... Nxd4 $146 (12... cxd4 {Spraggett,K (2565)-Franco Ocampos,Z 
(2465) Mondariz op 1998 0-1}) 13. Nxd4 cxd4 14. Nd2 Qb6 15. a4 O-O 16. Nf3 Rfc8
17. h4 {[%cal Gf3g5,Ge2h5]} h6 18. h5 {[%csl Rg6][%cal Gf3h2,Gh2g4]} Kh8 19.
Nh2 Bf8 20. axb5 (20. Ng4) 20... axb5 21. Rxa8 Bxa8 22. Qf3 Qa7 23. g4 $13 Qe7
24. Qg3 Rc2 25. Nf3 Qc7 26. Bd2 Rxb2 $17 27. g5 hxg5 28. Qxg5 Be7 29. Qg3 Nc3
30. Re1 Bxe4 (30... Nxe4 $142 31. dxe4 Bf8 $17) 31. dxe4 d3 32. h6 g6 33. Qf4
Ne2+ 34. Rxe2 dxe2 35. Qxf7 Bd8 36. Qf8+ Kh7 37. Bb4 Rb3 $4 (37... Rxb4 38.
Qxb4 Qc1+ 39. Kg2 Qf4 $19 {[%cal Gf4g4,Gg4f3,Gg4g2]}) 38. Kg2 Rxb4 39. Qxb4 Qf7
40. Qxb5 Qxf3+ 41. Kxf3 e1=Q 42. Qd7+ Kxh6 43. Qxd8 Qh1+ 44. Ke3 Qe1+ 45. Kf3
Qh1+ {Sebastien MAZE a été assez malheureux dans cette fin de tournoi} 1/2-1/2

[Event "POL-chT 66th"]
[Site "Katowice"]
[Date "2010.09.06"]
[Round "3"]
[White "Olszewski, Michal"]
[Black "Miton, Kamil"]
[Result "1-0"]
[WhiteElo "2549"]
[BlackElo "2629"]
[Annotator "RR"]
[PlyCount "81"]
[EventDate "2010.09.04"]
[EventType "team-tourn"]
[EventRounds "9"]
[EventCountry "POL"]
[SourceTitle "EXT 2016"]
[Source "ChessBase"]
[SourceDate "2015.10.08"]
[SourceVersion "1"]
[SourceVersionDate "2015.10.08"]
[SourceQuality "1"]
[WhiteTeam "Wroclaw"]
[BlackTeam "Katowice Szopienice"]
[WhiteTeamCountry "POL"]
[BlackTeamCountry "POL"]

1. e4 c5 2. Nf3 Nc6 3. Nc3 e5 4. Bc4 {[%csl Gd5]} d6 5. d3 Be7 6. Nd2 (6. O-O)
6... Bg5 $5 {Une manoeuvre qui rappelle celle jouée dans une Kalashnikov mais
elle est un peu lente} 7. Nf1 {[%csl Gd5,Gf5][%cal Gf1e3,Ge3d5,Ge3f5]} (7. h4
Bh6 8. Qh5 $36) 7... Bxc1 (7... Nh6 8. Ng3 {Ivanchuk,V (2786)-Shirov,A (2726)
Benidorm Stars 7th rapid 2008 (10) 0-1}) (7... h6 $5 8. Ne3 Nf6 {Kaidanov,G 
(2590)-Granda Zuniga,J (2620) New York op 1997 1/2} (8... Nge7 9. Qh5 g6 10.
Qd1 Nd4 {Arizmendi Martinez,J (2470)-Granda Zuniga,J (2625) Pamplona 9798 8th
1997 (9) 0-1} (10... O-O 11. h4 $14 Bf4 12. g3))) 8. Rxc1 Nf6 (8... Nge7 9. Ne3
O-O 10. O-O Ng6 11. Ncd5 Be6 12. c3 Na5 13. Nf5 Kh8 14. g3 Qd7 15. Nde3 Ne7 16.
Nxe7 Nxc4 17. dxc4 Qxe7 18. Qd3 Rad8 19. Rcd1 b6 20. Rd2 Rd7 21. b3 Re8 22. Kg2
Qg5 23. Rfd1 Kg8 24. Qe2 Red8 25. Qf3 Qe7 26. h4 Qf8 27. h5 Qe7 28. h6 g6 29.
Nd5 Bxd5 30. Rxd5 Qg5 31. Rh1 Kf8 32. Qd3 Qf6 33. Qe3 Qe6 34. Rf1 f6 35. b4 Ke8
36. Rfd1 Kf7 37. a4 Ke7 38. a5 {Vachier Lagrave,M (2722)-Carlsen,M (2821) Biel
2011 1-0 (96)}) 9. Ne3 Be6 10. O-O O-O 11. f4 $146 (11. Ncd5 Bxd5 12. Nxd5 Nxd5
{Zozulia,A (2336)-Yousry,S (2284) Golden Cleopatra op 2003 (5) 1/2}) 11... exf4
12. Rxf4 Nd4 (12... Ne5) 13. Qd2 Rb8 14. Rcf1 $32 {[%csl Rf6][%cal Gf4f6]} b5
15. Bb3 (15. Rxf6 $5 gxf6 16. Ned5 {[%cal Gd2h6]} bxc4 $2 17. Nxf6+) 15... Nd7
{Pare la menace potentielle du sacrifice de qualité} 16. Ne2 Nxe2+ $6 (16...
Nxb3 $142 17. axb3) 17. Qxe2 c4 18. dxc4 b4 $44 {[%csl Rb3]} 19. Ba4 $1 {
[%cal Ga4c6,Gc6d5]} Ne5 20. b3 {Le Ba4 est un peu hors-jeu mais un P est un P!}
Qa5 21. Rd1 Qc5 22. Kh1 Ng6 23. Rf2 Rb7 24. Qe1 Re7 {[%csl Re4]} 25. c3 $1 a5
26. cxb4 axb4 27. Qd2 $16 {[%csl Rd6]} Ne5 {[%csl Ge5]} 28. h3 Rd8 29. Qd4 $1
Ra8 30. Qxd6 Qxe3 31. Qxe7 h6 32. Rff1 (32. Rfd2 {[%cal Gd2d8]}) 32... Nd3 33.
Qh4 Nc5 34. Qf2 Qxf2 35. Rxf2 Nxe4 36. Rc2 Nc3 37. Rd4 Nxa4 38. bxa4 Rxa4 39.
c5 Bxa2 40. c6 b3 41. c7 1-0

[Event "Rohde op 09th"]
[Site "Sautron"]
[Date "2009.10.30"]
[Round "8"]
[White "Carlsson, Pontus"]
[Black "Bailet, Pierre"]
[Result "1-0"]
[WhiteElo "2480"]
[BlackElo "2379"]
[Annotator "RR"]
[PlyCount "99"]
[EventDate "2009.10.24"]
[EventType "swiss"]
[EventRounds "9"]
[EventCountry "FRA"]
[SourceTitle "EXT 2010"]
[Source "ChessBase"]
[SourceDate "2010.11.25"]
[SourceVersion "1"]
[SourceVersionDate "2010.11.25"]
[SourceQuality "1"]

1. e4 c5 2. Nf3 Nc6 3. Nc3 Nf6 (3... e5 {[%csl Gd4]}) 4. Bb5 Nd4 {Une ligne
assez risquée pour les noirs} (4... Qc7 {plus solide}) 5. e5 $1 Nxb5 6. Nxb5
Nd5 7. Ng5 {[%csl Rf7][%cal Gd1f3,Gf3d5,Gf3f7]} f5 (7... f6 $142) 8. O-O e6 9.
d4 a6 10. c4 axb5 (10... Nb4 11. Nd6+ Bxd6 12. exd6 $16) 11. cxd5 Be7 $6 $146 (
{RR} 11... cxd4 12. Qxd4 Be7 13. Nf3 exd5 14. Qxd5 b4 15. Qb3 Qb6 16. Bg5 Qe6
17. Qd3 Bxg5 18. Nxg5 Qg6 19. Nf3 O-O 20. Qc4+ Qf7 21. Qxb4 Ra6 22. Rfe1 f4 23.
Rac1 Rg6 24. Rc7 Qxa2 25. b3 Qa6 26. Rec1 {Barua,D (2455)-Hegde,R (2345)/
Coimbatore 1987/EXT 1997/1-0 (32)}) 12. d6 (12. Nf3 $142 {[%cal Gd5d6] Plus
simple} exd5 13. dxc5 $36 {[%csl Rd5][%cal Gd1d5]}) 12... Bxg5 13. Qh5+ g6 14.
Qxg5 Qxg5 15. Bxg5 b6 16. dxc5 bxc5 17. Rfc1 c4 18. a4 $1 $40 {[%csl Rh8] les
blancs sont non seulement mieux développés mais ils peuvent plus facilement
manoeuvrer avec l'avantage d'espace. La position des noirs est déjà trés
critique} bxa4 19. Rxc4 {[%cal Gc4c7,Gc4a4]} Bb7 20. Rcxa4 (20. Rc7 $5 {
l'avantage de développement pouvait être exploitée dans cette variante} Bc6 21.
Rc1 {[%cal Gc1c6]} O-O 22. R1xc6 $1 dxc6 23. d7 {[%csl Gg5][%cal Gd7d8]}) 20...
Kf7 21. Rxa8 Bxa8 22. Ra7 Bc6 23. Rc7 Ra8 (23... Rb8 $4 24. Rxc6 $1 dxc6 25. d7
{[%csl Gd8,Gg5]}) 24. h4 Ra1+ 25. Kh2 Rd1 26. Rc8 Rd4 27. Kh3 $16 Kg7 28. Re8
$1 {[%csl Gg5][%cal Ge8e7] Le K noir risque de se retrouver dans un réseau de
mat!} h5 29. Re7+ (29. Bf6+ Kf7 30. Re7+ Kf8 (30... Kg8 31. Rg7+ {[%cal Gg7g6]}
) 31. Rg7 Rd2 {[%cal Gd2f2,Gd2b2]}) 29... Kg8 30. Re8+ Kg7 31. Re7+ Kg8 32. f3
Rb4 33. Re8+ Kg7 34. Re7+ Kg8 35. Bf6 Rxb2 36. Rg7+ Kf8 37. Rxg6 Bb5 38. Kh2
Bc6 39. Kg3 Rb4 40. Rh6 f4+ 41. Kh3 Rb1 42. Be7+ Kg7 $2 (42... Kf7) 43. Rxh5
Rh1+ 44. Kg4 Rh2 45. Bf6+ Kf7 46. Rh7+ Kf8 47. Kg5 Rxg2+ 48. Kh6 Bxf3 49. Rxd7
Be4 50. Be7+ 1-0

[Event "Vaujany op 5th"]
[Site "Vaujany"]
[Date "2014.07.13"]
[Round "4.4"]
[White "Riff, Vincent"]
[Black "Van Foreest, Jorden"]
[Result "0-1"]
[WhiteElo "2358"]
[BlackElo "2461"]
[Annotator "RR"]
[PlyCount "68"]
[EventDate "2014.07.10"]
[EventType "swiss"]
[EventRounds "9"]
[EventCountry "FRA"]
[SourceTitle "EXT 2017"]
[Source "ChessBase"]
[SourceDate "2016.10.25"]
[SourceVersion "1"]
[SourceVersionDate "2016.10.25"]
[SourceQuality "1"]

1. e4 c5 2. Nf3 e6 3. Nc3 {Une ligne secondaire popularisée par Tiviakov} Nc6
4. Bb5 Nge7 5. d4 cxd4 6. Nxd4 a6 (6... Nxd4 7. Qxd4 Nc6 8. Bxc6 bxc6 9. e5 Qb6
10. Be3 c5 11. Qd2 Qc6 12. f3 Be7 13. Ne4 O-O 14. Qc3 c4 15. O-O-O f6 16. Bd4
f5 17. Nd6 Bxd6 18. exd6 Rf7 19. Be5 Qa6 20. Kb1 Bb7 21. h4 h6 22. h5 Kh7 23.
Rhg1 Rg8 24. Rh1 Bd5 25. Rh3 Qb6 26. Rf1 a6 27. a3 Qd8 28. Rfh1 Qb6 29. Rg3 Qf2
30. Rg6 Qb6 31. Ka2 Qc5 32. Rh3 Qg1 33. Bf4 Qd1 34. Rhg3 Qh1 35. Bxh6 Qxh5 36.
Rxg7+ {Jankovskis,G (2302)-Sveshnikov,E (2523) Riga 2014 1-0}) 7. Be2 Nxd4 8.
Qxd4 Nc6 {Une manoeuvre souvent jouée par Taimanov pour activer le N} 9. Qe3 {
[%csl Rg7][%cal Ge3g3]} Qc7 (9... Be7 $143 10. Qg3 $1) 10. O-O b5 (10... Be7
11. Kh1 b5 12. f4) 11. a3 Be7 $146 (11... Bb7 12. Qg3 Qxg3 13. hxg3 Rc8 14. Bf4
Na5 15. Bd3 Nc4 16. Nd1 f6 17. Re1 g5 18. Bc1 Ne5 19. b3 Nxd3 20. cxd3 Be7 21.
Bb2 Kf7 22. Ne3 Rc7 23. Rac1 Rhc8 24. Rxc7 Rxc7 25. Rc1 Rxc1+ 26. Bxc1 h5 27.
Kf1 Kg6 28. Ke2 Bd6 29. a4 f5 30. axb5 axb5 31. exf5+ exf5 32. Kf1 Kf6 33. Bd2
Be5 34. Nd1 Bd5 35. Nc3 Bc6 36. b4 Bd6 37. Ne2 Be7 38. Bc3+ Kg6 39. f3 Bd6 40.
Kf2 Bc7 41. Nd4 {Loman,R-Weerheijm,H Rosmalen 1993 1/2-1/2 (84)}) 12. Qh3 {
Un peu bizarre avec un Be2 où alors, les Blancs veulent recycler le B vers la
case d3 pour faire pression sur l'aile-roi mais au détriment d'un tempo
important} Bb7 $11 {Les Noirs évitent de donner de l'information sur la place
future du K} 13. f4 (13. Be3 b4 14. Na4 $13) 13... b4 $1 14. axb4 Nxb4 15. Bd3
O-O $1 {Les Noirs ont assez de contre-jeu à l'aile-roi ou au centre pour
roquer sans risque} 16. f5 {[%cal Gf5f6]} Bf6 $1 (16... Rac8 17. f6 $1 {
[%csl Gd3][%cal Ge4e5,Gd3h7]} Bxf6 18. Rxf6 (18. e5 Nxd3 19. exf6 Nxc1) 18...
Nxd3 19. cxd3 gxf6 20. Bh6 $44) 17. Kh1 (17. Bf4 e5) 17... exf5 18. Bf4 Qc6 19.
Qxf5 Bxc3 20. bxc3 Nxd3 21. cxd3 Qxc3 {Les Noirs ont le temps d'encaisser le
matériel car les Blancs n'ont rien à l'aile-roi} 22. Bd6 {[%csl Rf7]} Qxd3
23. Bxf8 Rxf8 24. Rae1 Bc6 {[%csl Ga6]} 25. h3 Qc4 26. Qe5 Qb4 27. Qf5 a5 $17
28. Rb1 g6 $1 29. Qg5 Qxe4 30. Rbe1 Qd3 31. Kg1 a4 32. Re3 Qd4 33. Rf2 Bd5 34.
Kh2 a3 0-1

[Event "POL-chT 66th"]
[Site "Katowice"]
[Date "2010.09.09"]
[Round "6"]
[White "Kryvoruchko, Yuriy"]
[Black "Macieja, Bartlomiej"]
[Result "1/2-1/2"]
[WhiteElo "2635"]
[BlackElo "2649"]
[Annotator "RR"]
[PlyCount "65"]
[EventDate "2010.09.04"]
[EventType "team-tourn"]
[EventRounds "9"]
[EventCountry "POL"]
[SourceTitle "EXT 2016"]
[Source "ChessBase"]
[SourceDate "2015.10.08"]
[SourceVersion "1"]
[SourceVersionDate "2015.10.08"]
[SourceQuality "1"]
[WhiteTeam "Gorzow Wielkopolski"]
[BlackTeam "Wroclaw AZS WSB"]
[WhiteTeamCountry "POL"]
[BlackTeamCountry "POL"]

1. e4 c5 2. Nf3 Nc6 3. Bb5 Nf6 (3... g6) 4. Bxc6 dxc6 5. d3 Bg4 6. h3 Bh5 7.
Nc3 (7. Nbd2 Nd7 8. Nf1 e5 9. Ng3 Bg6 10. O-O Be7 11. b3 O-O 12. Bb2 f6 13. Nh4
Bf7 14. Nhf5 Kh8 15. f4 exf4 16. Rxf4 Ne5 17. Nxe7 Qxe7 18. Nf5 Qc7 19. Qd2 Be6
20. Raf1 b6 21. Qf2 Ng6 22. Rf3 Kg8 23. g4 Ne5 24. Rg3 Rae8 25. Qf4 Qd7 26. g5
Ng6 27. Qf2 fxg5 28. Rxg5 Rf7 29. h4 Bxf5 30. exf5 Nf8 31. h5 h6 32. Rg2 Nh7
33. Qf4 Ng5 34. Rxg5 hxg5 35. Qxg5 Qe7 36. f6 Qe3+ {Leko,P (2730)-Wang,Y (2723)
Beijing 2013 0-1 (85)}) 7... e6 8. Be3 c4 $5 $146 (8... Qa5 9. g4 Bg6 10. Ne5
c4 11. Nxc4 Qc7 12. Qf3 h5 13. O-O-O Nd7 14. d4 f6 15. e5 O-O-O 16. Bf4 f5 17.
gxf5 Bxf5 18. Ne4 Bxe4 19. Qxe4 Nb6 20. Qg6 Qd7 21. Nxb6+ axb6 22. c4 Bb4 23.
Qc2 Qf7 24. Bg5 Be7 25. Be3 g5 26. Qb3 Kc7 27. Rhg1 Rhg8 28. Rd3 Qf5 29. d5 Bc5
30. Bxc5 bxc5 31. Rf3 Qxe5 32. Rf7+ Rd7 33. Rxd7+ Kxd7 34. Qxb7+ Ke8 35. Qxc6+
Ke7 36. Qxc5+ Kf6 37. Qe3 exd5 38. Qf3+ {Sheremetieva,M (2195)-Kokanovic,K 
(2175) Cetinje 1992 1-0}) 9. g4 (9. dxc4 $6 Qxd1+ 10. Rxd1 Bb4 {[%cal Gf6e4]}
11. e5 Ne4 12. Bd2 Nxd2 13. Kxd2 O-O-O+ 14. Kc1 Bxc3 15. bxc3 Rxd1+ 16. Rxd1
Bxf3 17. gxf3 Rd8 $11 {[%csl Rc2,Rc3,Rc4,Rf2,Rf3,Rh3]}) 9... Bg6 10. Ne5 cxd3
11. cxd3 Nd7 12. Nxg6 hxg6 13. d4 Bb4 14. Qb3 Qa5 15. Bd2 c5 16. a3 cxd4 17.
Qxb4 Qxb4 18. axb4 dxc3 19. Bxc3 (19. bxc3 Nb6 {[%cal Gb6c4]}) 19... e5 20. Ke2
f6 21. Ra5 Nf8 $1 22. Bd2 Ne6 $132 23. Be3 a6 24. b5 Ke7 25. Rha1 $36 Nc7 $1 {
[%cal Gc7a8,Gc7b5,Gc7a6]} 26. bxa6 Rxa6 27. Rxa6 Nxa6 28. b4 Ke6 29. Rc1 Nxb4
30. Rb1 Nc6 31. Rxb7 Nd4+ 32. Bxd4 exd4 33. g5 1/2-1/2

[Event "EU-ch 3rd"]
[Site "Batumi"]
[Date "2002.06.12"]
[Round "1"]
[White "Baklan, Vladimir"]
[Black "Dzhakaev, Dzhakay"]
[Result "1-0"]
[WhiteElo "2618"]
[BlackElo "2425"]
[Annotator "Rabinovich,Al"]
[PlyCount "53"]
[EventDate "2002.06.12"]
[EventType "swiss"]
[EventRounds "13"]
[EventCountry "GEO"]
[SourceTitle "CBM 090"]
[Source "ChessBase"]
[SourceDate "2002.09.20"]
[SourceVersion "1"]
[SourceVersionDate "2002.09.20"]
[SourceQuality "1"]

1. e4 {[%mdl 16416]} c5 2. Nf3 Nc6 3. Nc3 e5 4. Bc4 Be7 (4... Nge7 $2 5. Ng5 d5
6. exd5 Na5 7. Bb5+ Bd7 8. Qf3 $3 f6 9. Ne6 Qb6 10. Bxd7+ Kxd7 11. Na4 $18 {
[%cal Ga4c5] 1-0 Wojtaszek,R-Tomczak,R/Trzebinia POL 2002/The Week in Chess
390 (30)}) (4... h6 $6 5. d3 d6 6. Nd5 a6 $6 7. c3 Na5 8. b4 $1 Nxc4 9. dxc4
cxb4 $2 10. Be3 $18 {[%cal Ge3b6,Gd5c7] 1-0 Kupreichik,V-Krasnov,V/St
Petersburg 1998/CBM 67 ext (51)}) 5. d3 d6 6. Nd2 Nf6 (6... Bg5 $5 7. h4 Bxd2+
8. Bxd2 Nf6 9. Bg5 Be6 (9... h6 10. Bxf6 Qxf6 11. Nd5 Qd8 12. c3 Be6 13. Qe2
Rb8 14. a4 O-O 15. g3 Ne7 16. Nxe7+ Qxe7 17. O-O {1/2-1/2 Khalifman,A-Lautier,
J/Dubai UAE 2002/The Week in Chess 387 (17)}) 10. Nd5 Bxd5 11. Bxd5 h6 $11 {
1/2-1/2 Ponomariov,R-Shirov,A/Linares ESP 2002/The Week in Chess 382 (27)}) 7.
Nf1 Bg4 8. f3 (8. Qd2 {Desrves attantion.} a6 9. a3 b5 10. Ba2 b4 11. axb4 Nxb4
12. Bc4 Be6 13. Ne3 O-O 14. O-O $14 {1-0 Hector,J-Ahlander,B/Skara SWE 2002/
The Week in Chess 400 (49)}) 8... Be6 9. Ne3 Nd4 (9... O-O 10. O-O (10. a3 a6
11. O-O b5 12. Ba2 Ne8 13. Ned5 (13. g3 $5 {[%cal Gf3f4]}) 13... Bg5 14. f4
exf4 15. Bxf4 Bxf4 16. Rxf4 $14 {1-0 Lutz,C-Krasenkow,M/Saint Vincent 2000/CBM
78 (44)}) 10... Nd7 (10... Ne8 11. Bd2 Bg5 12. g3 Bxe3+ 13. Bxe3 Nf6 14. Qd2
Nd4 $11 {1-0 Shirov,A-Sveshnikov,E/Tallinn 2000/CBM 74 ext (83)}) 11. Ned5 Nb6
12. Nxb6 Qxb6 13. Nd5 Bxd5 14. Bxd5 Nb4 15. Bc4 $14 {1-0 Kasparov,G-Babula,V/
Prague 2001/CBM 86 no vc (54)}) 10. O-O O-O 11. a4 {[%csl Gb5]} Kh8 $6 (11...
Nh5 $142) 12. Bd2 Rb8 13. Kh1 {[%cal Gg2g3,Gf3f4,Gf1g1]} b6 $2 {Waste of time.}
(13... Rg8 $5 {[%cal Gg7g5] With positional idea to play g5 and block dark
squares.}) 14. Rf2 $1 {Preparing g3-f4 and avoiding Bh3 tempo.} Nh5 15. g3 {
[%csl Rh5][%cal Gf3f4,Gd1h5]} g6 {[%cal Gg6h5,Gh5g7]} 16. Ncd5 $14 Ng7 (16...
Rb7 $5 {[%cal Gb7h7,Gf7f5]}) 17. c3 Nc6 18. Bb5 $1 Bd7 19. Nc4 f5 (19... g5 20.
f4 gxf4 21. gxf4 f5 22. Qe2 $16 {[%cal Ga1g1]}) 20. Bh6 Rf7 21. f4 $1 $16 {
[%csl Rd6,Re5,Rf5] White openes up the center while black pieces find
themselves uncapble of protecting all the important squares.} fxe4 22. dxe4 {
[%cal Gd1d7]} Bf8 23. Bg5 $1 {[%csl Rf6][%cal Gd5f6,Gg5f6]} Qc8 24. Kg1 $6 {
Protecting the rook in case of opening f-file. But 24.Nf6! looked quicker.} (
24. Nf6 $1 $16 {[%csl Rd6,Re5][%cal Gf4e5,Gc4d6]}) 24... exf4 $4 {[%mdl 16384]
This move looses.} (24... Na5 $1 25. Nxa5 bxa5 {[%cal Gb8b2] Would leave black
chances to fight.}) 25. Rxf4 (25. Nxf4 $1 {[%cal Gc4d6,Gd1d6,Gf4g6,Gf2f7]})
25... Rxf4 (25... Be6 26. Rxf7 Bxf7 27. Qf3 Be6 28. Rf1 $18 {[%cal Gb5c6,Gf3f8]
}) 26. Bxf4 a6 $2 (26... Ne8 27. e5 $18) 27. Ndxb6 (27. Ndxb6 Qb7 28. Nxd7 Qxd7
29. Bxa6 $18) 1-0